[Event "CZE-chT rap"]
[Site "Pardubice"]
[Date "2010.07.18"]
[Round "7.5"]
[White "Biolek, Richard Jr"]
[Black "Dvorak, Ludvik"]
[Result "1-0"]
[WhiteElo "2407"]
[BlackElo "2175"]
[PlyCount "67"]
[EventDate "2010.07.15"]
[EventType "team-swiss"]
[EventRounds "7"]
[EventCountry "CZE"]
[SourceTitle "CBM 137 Extra"]
[Source "ChessBase"]
[SourceDate "2010.09.01"]
[SourceVersion "1"]
[SourceVersionDate "2010.09.01"]
[SourceQuality "1"]

1. e4 e5 2. Nf3 Nc6 3. Bc4 Bc5 4. 0-0 d6 5. c3 Qe7 6. d4 Bb6 7. a4 a6 8. a5 Ba7 9. dxe5 Nxe5 10. Nxe5 dxe5 11. Qf3 Be6 12. Na3 Nf6 13. Bg5 h6 14. Bxf6 Qxf6 15. Bxe6 Qxe6 16. Qe2 0-0 17. Nc4 g6 18. g3 Rae8 19. Rae1 Re7 20. Kg2 Rfe8 21. Rd1 Kg7 22. Rd5 Qf6 23. Rfd1 h5 24. h4 Qc6 25. Nd2 f6 26. Nf3 Qa4 27. Qd3 Qc6 28. Ne1 Rf7 29. Nf3 Rfe7 30. Rd2 b5 31. axb6 Qxb6 32. b4 Qc6 33. Ra2 f5 34. Ng5 1-0